[Event "CZE-ch"]
[Site "Ostrava"]
[Date "2014.04.28"]
[Round "3"]
[White "Karhanek, Pavel"]
[Black "Kubik, Michael"]
[Result "0-1"]
[WhiteElo "2130"]
[BlackElo "2203"]
[PlyCount "110"]
[EventDate "2014.04.26"]
[EventType "swiss"]
[EventRounds "9"]
[EventCountry "CZE"]
[SourceTitle "CBM 160 Extra"]
[Source "ChessBase"]
[SourceDate "2014.07.01"]
[SourceVersion "1"]
[SourceVersionDate "2014.07.01"]
[SourceQuality "1"]

1. d4 Nf6 2. c3 d6 3. Bg5 Nbd7 4. Nd2 e5 5. e3 Be7 6. Bd3 h6 7. Bh4 0-0 8. Ne2 d5 9. Rc1 c5 10. 0-0 b6 11. c4 exd4 12. exd4 Bb7 13. Bb1 dxc4 14. Nxc4 Rc8 15. dxc5 Rxc5 16. b4 Rc8 17. Qb3 Ne4 18. Bxe7 Qxe7 19. Rcd1 Ndf6 20. Ne3 Rfe8 21. Nd4 Nc3 22. Ndf5 Qc7 23. Nd6 Nxd1 24. Nxe8 Rxe8 25. Rxd1 Qe5 26. h3 Qg5 27. Qc2 Bf3 28. Rf1 Be4 29. Qb2 Bb7 30. Qc2 g6 31. Rd1 Rc8 32. Qe2 h5 33. Bc2 Ne4 34. Bxe4 Bxe4 35. Qd2 Re8 36. Qd7 Qe7 37. Qxe7 Rxe7 38. Rd4 Bb7 39. Kh2 Kg7 40. Kg3 Rc7 41. f3 Rc3 42. Kf2 Ra3 43. Rd2 Bc6 44. Nc4 Rc3 45. Nd6 a6 46. Ke2 h4 47. Rd3 Rc1 48. Ke3 Rb1 49. a3 Ra1 50. Rc3 Bd7 51. Ne4 Ra2 52. Nd2 Bb5 53. f4 Kf8 54. f5 gxf5 55. Rb3 f4+ 0-1

[Event "Marianske Lazne op 13th"]
[Site "Marianske Lazne"]
[Date "2014.01.23"]
[Round "7"]
[White "Karhanek, Pavel"]
[Black "Sulim, Mykola"]
[Result "1-0"]
[WhiteElo "2142"]
[BlackElo "1857"]
[PlyCount "63"]
[EventDate "2014.01.18"]
[EventType "swiss"]
[EventRounds "9"]
[EventCountry "CZE"]
[SourceTitle "CBM 158 Extra"]
[Source "ChessBase"]
[SourceDate "2014.02.28"]
[SourceVersion "1"]
[SourceVersionDate "2014.02.28"]
[SourceQuality "1"]

1. d4 Nf6 2. Bf4 d5 3. e3 Bf5 4. c4 c6 5. Nc3 e6 6. Qb3 b6 7. Nf3 Bd6 8. Bxd6 Qxd6 9. Be2 0-0 10. 0-0 Nbd7 11. Rac1 Rac8 12. a3 Ne4 13. Rfd1 Bg4 14. h3 Nxc3 15. Rxc3 Bxf3 16. Bxf3 f5 17. Rdc1 Nf6 18. cxd5 Nxd5 19. Bxd5 exd5 20. Qa4 b5 21. Qa6 f4 22. Rxc6 Rxc6 23. Qxc6 Qd8 24. Qe6+ Kh8 25. exf4 h6 26. Rc5 Kh7 27. Rxd5 Qb8 28. Qe4+ Kh8 29. Qe5 Qc8 30. Rc5 Qd8 31. Rc7 Rf6 32. Re7 1-0

[Event "Trebic Highlands op 09th"]
[Site "Trebic"]
[Date "2013.09.26"]
[Round "7"]
[White "Jelinek, Vaclav"]
[Black "Karhanek, Pavel"]
[Result "0-1"]
[WhiteElo "1993"]
[BlackElo "2118"]
[PlyCount "56"]
[EventDate "2013.09.21"]
[EventType "swiss"]
[EventRounds "9"]
[EventCountry "CZE"]
[SourceTitle "CBM 156 Extra"]
[Source "ChessBase"]
[SourceDate "2013.10.22"]
[SourceVersion "1"]
[SourceVersionDate "2013.10.22"]
[SourceQuality "1"]

1. g3 d5 2. Bg2 c6 3. Nf3 Bg4 4. 0-0 Nd7 5. d3 e6 6. c4 Ngf6 7. Nc3 Be7 8. e4 dxe4 9. dxe4 0-0 10. Qc2 Qc7 11. h3 Bxf3 12. Bxf3 e5 13. Nd1 Nc5 14. Ne3 g6 15. Ng4 Nxg4 16. Bxg4 h5 17. Be2 Ne6 18. Be3 Bg5 19. Bxg5 Nxg5 20. Kg2 Ne6 21. Rae1 c5 22. Qc3 Rfd8 23. Qe3 Qa5 24. f4 Qd2 25. Qf2 exf4 26. gxf4 Qc2 27. Bd1 Nxf4+ 28. Kf3 Qxf2+ 0-1

[Event "Trebic Highlands op 09th"]
[Site "Trebic"]
[Date "2013.09.23"]
[Round "4"]
[White "Volodin, Viktor Nikolaevich"]
[Black "Karhanek, Pavel"]
[Result "1/2-1/2"]
[WhiteElo "2177"]
[BlackElo "2118"]
[PlyCount "55"]
[EventDate "2013.09.21"]
[EventType "swiss"]
[EventRounds "9"]
[EventCountry "CZE"]
[SourceTitle "CBM 156 Extra"]
[Source "ChessBase"]
[SourceDate "2013.10.22"]
[SourceVersion "1"]
[SourceVersionDate "2013.10.22"]
[SourceQuality "1"]

1. Nf3 d5 2. d4 Nf6 3. c4 c6 4. Nc3 a6 5. a4 e6 6. g3 dxc4 7. Bg2 c5 8. dxc5 Qxd1+ 9. Nxd1 Nc6 10. Ne3 Bxc5 11. Nxc4 Bb4+ 12. Bd2 Bxd2+ 13. Nfxd2 Ke7 14. Nb6 Rb8 15. Rc1 Nd7 16. Ndc4 Nxb6 17. Nxb6 Bd7 18. Nxd7 Kxd7 19. e3 Rhd8 20. Ke2 Ke7 21. Rc4 Rd7 22. Rhc1 Ne5 23. Rc7 Kd8 24. Rxd7+ Nxd7 25. b4 Rc8 26. Rxc8+ Kxc8 27. f4 Kc7 28. Kd3 1/2-1/2

[Event "Havirov op 14th"]
[Site "Havirov"]
[Date "2013.08.31"]
[Round "8"]
[White "Karhanek, Pavel"]
[Black "Zabystrzan, Pavel"]
[Result "1/2-1/2"]
[WhiteElo "2105"]
[BlackElo "2264"]
[PlyCount "39"]
[EventDate "2013.08.24"]
[EventType "swiss"]
[EventRounds "9"]
[EventCountry "CZE"]
[SourceTitle "CBM 156 Extra"]
[Source "ChessBase"]
[SourceDate "2013.10.22"]
[SourceVersion "1"]
[SourceVersionDate "2013.10.22"]
[SourceQuality "1"]

1. d4 c5 2. c3 cxd4 3. cxd4 d5 4. Nc3 Nf6 5. Nf3 Nc6 6. a3 e6 7. Bf4 Bd6 8. Bxd6 Qxd6 9. e3 0-0 10. Bb5 Bd7 11. 0-0 Rac8 12. Rc1 Na5 13. Bxd7 Nxd7 14. Na2 Nc6 15. Qe2 a6 16. Rc3 Nb6 17. Rfc1 Qd7 18. Nb4 Na4 19. R3c2 Nb6 20. Nd3 1/2-1/2

[Event "Havirov op 14th"]
[Site "Havirov"]
[Date "2013.08.29"]
[Round "6"]
[White "Karhanek, Pavel"]
[Black "Olsar, Jaroslav"]
[Result "0-1"]
[WhiteElo "2105"]
[BlackElo "2271"]
[PlyCount "96"]
[EventDate "2013.08.24"]
[EventType "swiss"]
[EventRounds "9"]
[EventCountry "CZE"]
[SourceTitle "CBM 156 Extra"]
[Source "ChessBase"]
[SourceDate "2013.10.22"]
[SourceVersion "1"]
[SourceVersionDate "2013.10.22"]
[SourceQuality "1"]

1. d4 Nf6 2. Bf4 d5 3. e3 e6 4. Nf3 Bd6 5. Bg3 0-0 6. Nbd2 b6 7. Bd3 c5 8. c3 Ba6 9. Bxa6 Nxa6 10. Bxd6 Qxd6 11. Ne5 Rfc8 12. Qf3 Rc7 13. h4 Rf8 14. h5 Ne8 15. Nd3 Nb8 16. Qh3 Nc6 17. f4 f5 18. Nf3 Nf6 19. Nde5 Ne4 20. g4 cxd4 21. exd4 Nxe5 22. Nxe5 fxg4 23. Qxg4 Rf6 24. Rh2 b5 25. a3 a5 26. Kf1 Qf8 27. Kg1 Rf5 28. Re1 Qf6 29. Rf1 Qh6 30. Qf3 Nf6 31. Ng4 Nxg4 32. Qxg4 Rcf7 33. Rh4 R7f6 34. Kh2 Kf7 35. Kg3 Ke7 36. Kh3 Rf7 37. Kg3 Kd6 38. Qe2 Ke7 39. Qg4 Rf8 40. Qe2 Rg8 41. Kh3 g5 42. hxg6 Qxg6 43. Qf3 Rf7 44. Re1 Qf5+ 45. Kh2 Rfg7 46. Qh3 Rg4 47. Rxh7+ Kd6 48. Qh6 Qc2+ 0-1

[Event "Havirov op 14th"]
[Site "Havirov"]
[Date "2013.08.26"]
[Round "3"]
[White "Karhanek, Pavel"]
[Black "Kotoucek, Jiri"]
[Result "1-0"]
[WhiteElo "2105"]
[BlackElo "1769"]
[PlyCount "73"]
[EventDate "2013.08.24"]
[EventType "swiss"]
[EventRounds "9"]
[EventCountry "CZE"]
[SourceTitle "CBM 156 Extra"]
[Source "ChessBase"]
[SourceDate "2013.10.22"]
[SourceVersion "1"]
[SourceVersionDate "2013.10.22"]
[SourceQuality "1"]

1. d4 d5 2. Bf4 Nf6 3. e3 e6 4. Nf3 a6 5. Bd3 c5 6. c3 Nc6 7. Nbd2 b6 8. 0-0 Be7 9. Ne5 Bb7 10. Bg3 0-0 11. f4 g6 12. Bh4 cxd4 13. exd4 Nh5 14. Bxe7 Qxe7 15. Qe2 Ng7 16. Ndf3 b5 17. a3 Qc7 18. Qf2 Ne7 19. Qh4 Nef5 20. Bxf5 Nxf5 21. Qh3 f6 22. Nd3 Rae8 23. Rae1 Bc8 24. g4 Nd6 25. Nd2 Rf7 26. Re2 h5 27. Rg2 e5 28. fxe5 Ne4 29. exf6 Nxd2 30. Rxd2 Bxg4 31. Qh4 Re2 32. Rf2 Rxd2 33. Rxd2 Qd8 34. Rf2 Bf5 35. Nf4 Qd6 36. Qg5 Kh7 37. Nxh5 1-0

[Event "Havirov op 14th"]
[Site "Havirov"]
[Date "2013.08.25"]
[Round "2"]
[White "Malik, Jan"]
[Black "Karhanek, Pavel"]
[Result "1-0"]
[WhiteElo "2246"]
[BlackElo "2105"]
[PlyCount "95"]
[EventDate "2013.08.24"]
[EventType "swiss"]
[EventRounds "9"]
[EventCountry "CZE"]
[SourceTitle "CBM 156 Extra"]
[Source "ChessBase"]
[SourceDate "2013.10.22"]
[SourceVersion "1"]
[SourceVersionDate "2013.10.22"]
[SourceQuality "1"]

1. e4 Nf6 2. e5 Nd5 3. d4 d6 4. c4 Nb6 5. exd6 exd6 6. Nf3 Be7 7. Be2 0-0 8. 0-0 Bf6 9. Be3 Nc6 10. b3 Bf5 11. Nc3 d5 12. c5 Nc8 13. h3 Be6 14. b4 N8e7 15. b5 Na5 16. g4 h6 17. Ne5 Nc4 18. Nxc4 dxc4 19. Qa4 Nd5 20. Nxd5 Qxd5 21. Rac1 Qe4 22. Qc2 Qxc2 23. Rxc2 Rfd8 24. Rd1 a6 25. bxa6 Rxa6 26. Bxc4 Bxc4 27. Rxc4 Rxa2 28. Rb4 Ra5 29. Rxb7 Rxc5 30. dxc5 Rxd1+ 31. Kg2 Be5 32. f4 Rd3 33. Kf3 Bd4 34. Ke4 Rxe3+ 35. Kxd4 Rxh3 36. Rxc7 Rf3 37. Rc8+ Kh7 38. Ke5 f6+ 39. Kf5 g6+ 40. Ke4 Rc3 41. Rc6 Kg7 42. Kd5 Rd3+ 43. Ke4 Rc3 44. Rc7+ Kf8 45. Kd5 Rf3 46. Rh7 Ke8 47. c6 Rc3 48. Kd6 1-0

[Event "Karvina op"]
[Site "Karvina"]
[Date "2013.07.07"]
[Round "9"]
[White "Karhanek, Pavel"]
[Black "Broda, Michal"]
[Result "1-0"]
[WhiteElo "2071"]
[BlackElo "1817"]
[PlyCount "59"]
[EventDate "2013.06.29"]
[EventType "swiss"]
[EventRounds "9"]
[EventCountry "CZE"]
[SourceTitle "CBM 155 Extra"]
[Source "ChessBase"]
[SourceDate "2013.08.26"]
[SourceVersion "1"]
[SourceVersionDate "2013.08.26"]
[SourceQuality "1"]

1. d4 Nf6 2. Bf4 d5 3. e3 c5 4. c3 Qb6 5. Qb3 Qxb3 6. axb3 Nc6 7. Nd2 Bf5 8. Ngf3 cxd4 9. exd4 a6 10. h3 e6 11. b4 Bxb4 12. cxb4 Nxb4 13. Rc1 Nc2+ 14. Kd1 Rc8 15. Nh4 g5 16. Nxf5 gxf4 17. Nd6+ Kd7 18. Nxc8 Nxd4 19. Nb6+ Kd6 20. Bd3 e5 21. Re1 Rg8 22. Bf1 e4 23. Nbc4+ Ke6 24. Na5 b5 25. Nab3 Nf5 26. Nc5+ Kd6 27. Ndxe4+ dxe4 28. Nxe4+ Nxe4 29. Rxe4 Rd8 30. Rc2 1-0

[Event "Karvina op"]
[Site "Karvina"]
[Date "2013.07.05"]
[Round "7"]
[White "Taus, Martin"]
[Black "Karhanek, Pavel"]
[Result "1-0"]
[WhiteElo "2134"]
[BlackElo "2071"]
[PlyCount "51"]
[EventDate "2013.06.29"]
[EventType "swiss"]
[EventRounds "9"]
[EventCountry "CZE"]
[SourceTitle "CBM 155 Extra"]
[Source "ChessBase"]
[SourceDate "2013.08.26"]
[SourceVersion "1"]
[SourceVersionDate "2013.08.26"]
[SourceQuality "1"]

1. e4 Nf6 2. e5 Nd5 3. c4 Nb6 4. d4 d6 5. exd6 exd6 6. Nf3 Be7 7. h3 Bf5 8. Be2 0-0 9. 0-0 d5 10. c5 Nc8 11. Nc3 c6 12. Bf4 Re8 13. b4 a6 14. a4 Nd7 15. b5 Bf6 16. Qb3 axb5 17. axb5 Rxa1 18. Rxa1 Nxc5 19. dxc5 Rxe2 20. Nxe2 Bxa1 21. bxc6 bxc6 22. Qa4 Qe8 23. Ng3 Bxh3 24. Qxa1 Bg4 25. Ne5 Be6 26. Qa8 1-0

[Event "Karvina op"]
[Site "Karvina"]
[Date "2013.07.02"]
[Round "4"]
[White "Olsar, Jaroslav"]
[Black "Karhanek, Pavel"]
[Result "1-0"]
[WhiteElo "2279"]
[BlackElo "2071"]
[PlyCount "91"]
[EventDate "2013.06.29"]
[EventType "swiss"]
[EventRounds "9"]
[EventCountry "CZE"]
[SourceTitle "CBM 155 Extra"]
[Source "ChessBase"]
[SourceDate "2013.08.26"]
[SourceVersion "1"]
[SourceVersionDate "2013.08.26"]
[SourceQuality "1"]

1. e4 Nf6 2. e5 Nd5 3. d4 d6 4. c4 Nb6 5. exd6 exd6 6. h3 Be7 7. Nf3 0-0 8. Bd3 Bf6 9. 0-0 Nc6 10. Nc3 Ne7 11. Ne4 Nd7 12. Bc2 d5 13. Nxf6+ Nxf6 14. Bg5 Ng6 15. cxd5 Qd6 16. Bxf6 Qxf6 17. Qd3 Rd8 18. Rfe1 b6 19. Qe4 Bb7 20. Bb3 Qd6 21. Rac1 Rac8 22. Ne5 Bxd5 23. Bxd5 Qxd5 24. Nc6 Qxe4 25. Rxe4 Re8 26. Rxe8+ Rxe8 27. Nxa7 Re2 28. b4 Rxa2 29. Rxc7 h6 30. Nc6 Nf4 31. Rb7 Nd5 32. Rd7 Nf6 33. Ne7+ Kf8 34. Rb7 Rb2 35. Nf5 Rxb4 36. Rb8+ Ne8 37. Nd6 Rb1+ 38. Kh2 Re1 39. d5 f6 40. Kg3 Re7 41. Kf4 Re5 42. g4 b5 43. Nxb5 g5+ 44. Kf3 Kf7 45. d6 Rd5 46. Rxe8 1-0

[Event "Karvina op"]
[Site "Karvina"]
[Date "2013.06.30"]
[Round "2"]
[White "Karhanek, Pavel"]
[Black "Kireev, Aleksei"]
[Result "1/2-1/2"]
[WhiteElo "2071"]
[BlackElo "2310"]
[PlyCount "97"]
[EventDate "2013.06.29"]
[EventType "swiss"]
[EventRounds "9"]
[EventCountry "CZE"]
[SourceTitle "CBM 155 Extra"]
[Source "ChessBase"]
[SourceDate "2013.08.26"]
[SourceVersion "1"]
[SourceVersionDate "2013.08.26"]
[SourceQuality "1"]

1. d4 d6 2. Bf4 g6 3. e3 Bg7 4. Nf3 Nd7 5. h3 e5 6. Bh2 Nh6 7. Be2 f5 8. Nc3 Nf7 9. dxe5 dxe5 10. Qd2 c6 11. Bc4 Qe7 12. a3 Nb6 13. Ba2 Be6 14. 0-0 Bxa2 15. Nxa2 0-0 16. c3 a5 17. Rad1 Qc5 18. Qc2 Rfd8 19. a4 Qc4 20. b3 Qe6 21. c4 Nd7 22. Rd2 Nc5 23. Rfd1 Qe7 24. Nc1 Kf8 25. Kf1 Ke8 26. Qc3 Rxd2 27. Nxd2 Ng5 28. Qc2 e4 29. Nb1 Rd8 30. Rd2 Rd7 31. Rxd7 Qxd7 32. Ke2 Nf7 33. Qd2 b6 34. Qxd7+ Kxd7 35. Nd2 Nd8 36. Kd1 Bb2 37. Bg1 Nde6 38. Kc2 Bxc1 39. Kxc1 Nd3+ 40. Kd1 Nec5 41. f3 h5 42. h4 Kc8 43. Bh2 Kb7 44. Bg3 Ka6 45. Kc2 b5 46. axb5+ cxb5 47. Kc3 Nc1 48. Kc2 N1d3 49. Kc3 1/2-1/2

[Event "Hradec Kralove op"]
[Site "Hradec Kralove"]
[Date "2013.05.20"]
[Round "8"]
[White "Karhanek, Pavel"]
[Black "Vavra, Pavel"]
[Result "1-0"]
[WhiteElo "2026"]
[BlackElo "2087"]
[PlyCount "65"]
[EventDate "2013.05.15"]
[EventType "swiss"]
[EventRounds "9"]
[EventCountry "CZE"]
[SourceTitle "EXT 2014"]
[Source "ChessBase"]
[SourceDate "2013.11.20"]
[SourceVersion "1"]
[SourceVersionDate "2013.11.20"]
[SourceQuality "1"]

1. d4 c5 2. c3 cxd4 3. cxd4 d5 4. Nf3 Nc6 5. Nc3 Nf6 6. a3 g6 7. Bf4 Bg7 8. e3 0-0 9. h3 Ne4 10. Rc1 Nxc3 11. Rxc3 Bf5 12. Bd3 Bxd3 13. Qxd3 e6 14. 0-0 Qd7 15. Rfc1 Rfc8 16. Qc2 f6 17. Bg3 Bf8 18. Nd2 Ne7 19. Rc7 Rxc7 20. Qxc7 Qb5 21. Bd6 Qxb2 22. Bxe7 Bxe7 23. Rb1 Qxa3 24. Rxb7 Kf8 25. Nb3 Qd6 26. Nc5 Rd8 27. Rxa7 Kf7 28. Qa5 Rb8 29. g3 Qb6 30. Qa4 Qb5 31. Qa3 Qb4 32. Rxe7+ Kxe7 33. Qa7+ 1-0

[Event "Hradec Kralove op"]
[Site "Hradec Kralove"]
[Date "2013.05.19"]
[Round "7"]
[White "Karhanek, Pavel"]
[Black "Paldus, Petr"]
[Result "1/2-1/2"]
[WhiteElo "2026"]
[BlackElo "2013"]
[PlyCount "165"]
[EventDate "2013.05.15"]
[EventType "swiss"]
[EventRounds "9"]
[EventCountry "CZE"]
[SourceTitle "EXT 2014"]
[Source "ChessBase"]
[SourceDate "2013.11.20"]
[SourceVersion "1"]
[SourceVersionDate "2013.11.20"]
[SourceQuality "1"]

1. d4 d6 2. Bf4 Nf6 3. e3 g6 4. h3 Bg7 5. Nf3 0-0 6. Be2 b6 7. 0-0 Bb7 8. c3 Nbd7 9. a4 Re8 10. a5 e5 11. Bh2 c5 12. a6 Bc6 13. c4 exd4 14. exd4 d5 15. Nc3 dxc4 16. d5 Nxd5 17. Nxd5 Bxd5 18. Qxd5 Rxe2 19. Rad1 Qe8 20. Qxd7 Qxd7 21. Rxd7 Rxb2 22. Bf4 c3 23. Re1 c2 24. Rc1 b5 25. Rd2 c4 26. Rdxc2 Rxc2 27. Rxc2 c3 28. Be5 Rc8 29. Bxg7 Kxg7 30. Nd4 b4 31. Kf1 Rd8 32. Nb3 Rd6 33. Ke2 Rxa6 34. Kd3 Ra3 35. Kc4 a5 36. Nxa5 Rxa5 37. Kxb4 Rg5 38. g3 Rh5 39. Kxc3 Rxh3 40. Kd3 h5 41. Ke2 h4 42. gxh4 Rxh4 43. Kf3 g5 44. Kg3 Rb4 45. Re2 Kg6 46. f3 Rb1 47. Re8 Rb3 48. Ra8 f5 49. Rg8+ Kh6 50. Kf2 f4 51. Rc8 Rb2+ 52. Kg1 Kh5 53. Rh8+ Kg6 54. Rc8 Kf6 55. Rc6+ Ke5 56. Rc4 Kf5 57. Rc5+ Kg6 58. Rc8 Kf6 59. Rc6+ Ke5 60. Rc4 Rb5 61. Kg2 Kf5 62. Rc8 Ke5 63. Re8+ Kd4 64. Kf2 Rb2+ 65. Kg1 Kd3 66. Kf1 Rh2 67. Re7 Rb2 68. Re8 Kd2 69. Re2+ Kc3 70. Re8 Kd3 71. Re7 Rb1+ 72. Kf2 Rb2+ 73. Kf1 Rb3 74. Kf2 Rb5 75. Rd7+ Kc4 76. Rd8 Rd5 77. Rc8+ Kd3 78. Ra8 Kd2 79. Ra2+ Kc1 80. Ra1+ Kb2 81. Ra8 Kb3 82. Rc8 Kb4 83. Rc7 1/2-1/2

[Event "Hradec Kralove op"]
[Site "Hradec Kralove"]
[Date "2013.05.19"]
[Round "6"]
[White "Pulpan, Jakub"]
[Black "Karhanek, Pavel"]
[Result "1/2-1/2"]
[WhiteElo "2106"]
[BlackElo "2026"]
[PlyCount "68"]
[EventDate "2013.05.15"]
[EventType "swiss"]
[EventRounds "9"]
[EventCountry "CZE"]
[SourceTitle "CBM 154 Extra"]
[Source "ChessBase"]
[SourceDate "2013.06.25"]
[SourceVersion "2"]
[SourceVersionDate "2013.06.25"]
[SourceQuality "1"]

1. e4 Nf6 2. Nc3 d5 3. e5 Ne4 4. Qf3 Nxc3 5. dxc3 c6 6. Bd3 e6 7. Qg3 b6 8. Ne2 Ba6 9. Nf4 Bxd3 10. cxd3 Nd7 11. Nh5 g6 12. Bg5 Qc7 13. Nf6+ Nxf6 14. Bxf6 Rg8 15. Qh4 h5 16. g4 Be7 17. Bxe7 Qxe7 18. g5 Kd7 19. Qf4 Rgc8 20. h4 Ke8 21. Kf1 b5 22. Rh3 c5 23. a3 a5 24. Rf3 c4 25. Kg2 Rab8 26. d4 b4 27. axb4 axb4 28. Ra6 Rc7 29. Qc1 Ra7 30. Qa1 Rxa6 31. Qxa6 b3 32. Re3 Qb7 33. Qxb7 Rxb7 34. Re1 Ra7 1/2-1/2

[Event "Hradec Kralove op"]
[Site "Hradec Kralove"]
[Date "2013.05.17"]
[Round "3"]
[White "Karhanek, Pavel"]
[Black "Kosar, Matej"]
[Result "1-0"]
[WhiteElo "2026"]
[BlackElo "1667"]
[PlyCount "127"]
[EventDate "2013.05.15"]
[EventType "swiss"]
[EventRounds "9"]
[EventCountry "CZE"]
[SourceTitle "CBM 154 Extra"]
[Source "ChessBase"]
[SourceDate "2013.06.25"]
[SourceVersion "2"]
[SourceVersionDate "2013.06.25"]
[SourceQuality "1"]

1. d4 Nf6 2. Bf4 d5 3. e3 e6 4. Nf3 Bd6 5. Bg3 Bxg3 6. hxg3 Nbd7 7. Nbd2 c6 8. Bd3 Qc7 9. 0-0 e5 10. e4 dxe4 11. Nxe4 exd4 12. Nxf6+ Nxf6 13. Re1+ Be6 14. Nxd4 0-0-0 15. Nxe6 fxe6 16. Rxe6 h5 17. Qe2 h4 18. Re7 Qd6 19. gxh4 Rxh4 20. g3 Rh5 21. Qe6+ Qxe6 22. Rxe6 Rdh8 23. Rae1 Rh1+ 24. Kg2 R1h2+ 25. Kf1 Rf8 26. Kg1 Rfh8 27. Be4 R2h5 28. Bg2 Rd8 29. a4 Rd2 30. R6e2 Rxe2 31. Rxe2 Kd7 32. Bf3 Rc5 33. Kg2 g5 34. Rd2+ Ke7 35. Kf1 a6 36. Bg2 Rf5 37. Rd4 g4 38. b4 Rg5 39. Be4 Nxe4 40. Rxe4+ Kd6 41. Ke2 Kd5 42. Ke3 b5 43. axb5 axb5 44. Kf4 Rg8 45. Re5+ Kd6 46. Rg5 Rf8+ 47. Rf5 Rg8 48. f3 gxf3 49. Kxf3 Ke6 50. g4 Rd8 51. Rc5 Rd6 52. c3 Kf6 53. Kf4 Kg6 54. g5 Re6 55. Re5 Rd6 56. Re8 Kf7 57. Rc8 Rg6 58. Kf5 Rd6 59. g6+ Kg7 60. Rc7+ Kg8 61. Kg5 Rd1 62. Rxc6 Rg1+ 63. Kf5 Rf1+ 64. Ke5 1-0

[Event "Hradec Kralove op"]
[Site "Hradec Kralove"]
[Date "2013.05.16"]
[Round "2"]
[White "Pulpan, Matej"]
[Black "Karhanek, Pavel"]
[Result "1/2-1/2"]
[WhiteElo "1798"]
[BlackElo "2026"]
[PlyCount "103"]
[EventDate "2013.05.15"]
[EventType "swiss"]
[EventRounds "9"]
[EventCountry "CZE"]
[SourceTitle "CBM 154 Extra"]
[Source "ChessBase"]
[SourceDate "2013.06.25"]
[SourceVersion "2"]
[SourceVersionDate "2013.06.25"]
[SourceQuality "1"]

1. e4 Nf6 2. e5 Nd5 3. d4 d6 4. exd6 exd6 5. Nf3 Be7 6. Be2 0-0 7. 0-0 Bg4 8. c3 Re8 9. Re1 Nd7 10. h3 Bf5 11. Na3 h6 12. Nc4 N7f6 13. Ne3 Nxe3 14. Bxe3 Nd5 15. Bd3 Qd7 16. Qc2 Bxd3 17. Qxd3 Bf6 18. Rad1 Qa4 19. a3 Nxe3 20. fxe3 d5 21. Rd2 Qc6 22. Rde2 Qb6 23. Qc2 c5 24. dxc5 Qxc5 25. Nd4 Re4 26. Qd3 Rae8 27. Kh1 a6 28. Nb3 Qd6 29. Nd2 R4e7 30. Nf3 Qc5 31. e4 dxe4 32. Rxe4 Rxe4 33. Rxe4 Rd8 34. Qe2 Qc6 35. Ne5 Qc8 36. Ng4 Bg5 37. h4 f5 38. Rc4 Rd1+ 39. Qxd1 Qxc4 40. hxg5 fxg4 41. gxh6 g3 42. h7+ Kh8 43. Kg1 Qh4 44. Qd5 Kxh7 45. Qd3+ Kh8 46. Qd5 Qh2+ 47. Kf1 Qh4 48. Ke2 Qg4+ 49. Qf3 Qe6+ 50. Qe3 Qb3 51. Qe8+ Kh7 52. Qh5+ 1/2-1/2

[Event "Hradec Kralove op"]
[Site "Hradec Kralove"]
[Date "2013.05.15"]
[Round "1"]
[White "Karhanek, Pavel"]
[Black "Rejnus, Josef"]
[Result "1-0"]
[WhiteElo "2026"]
[BlackElo "1710"]
[PlyCount "65"]
[EventDate "2013.05.15"]
[EventType "swiss"]
[EventRounds "9"]
[EventCountry "CZE"]
[SourceTitle "CBM 154 Extra"]
[Source "ChessBase"]
[SourceDate "2013.06.25"]
[SourceVersion "2"]
[SourceVersionDate "2013.06.25"]
[SourceQuality "1"]

1. d4 d5 2. Bf4 Nf6 3. e3 e6 4. Nf3 Nc6 5. Nbd2 Bd6 6. Bg3 Bd7 7. c3 Qe7 8. Ne5 Ne4 9. Nxe4 dxe4 10. Qg4 Bxe5 11. Bxe5 Nxe5 12. dxe5 0-0 13. Qxe4 Bc6 14. Qg4 Rad8 15. Be2 Rd5 16. Bf3 Rxe5 17. Bxc6 bxc6 18. 0-0-0 Rd8 19. Qa4 Red5 20. Qxc6 Rxd1+ 21. Rxd1 Rxd1+ 22. Kxd1 Qd6+ 23. Qxd6 cxd6 24. Kc2 Kf8 25. Kb3 Ke7 26. Kb4 Kd7 27. Kb5 Kc7 28. Ka6 Kb8 29. b4 d5 30. b5 g5 31. a4 e5 32. b6 axb6 33. Kxb6 1-0

[Event "Pobeskydy op"]
[Site "Frydek Mistek"]
[Date "2013.03.30"]
[Round "6"]
[White "Novosadova, Kristyna"]
[Black "Karhanek, Pavel"]
[Result "1-0"]
[WhiteElo "2144"]
[BlackElo "2030"]
[PlyCount "59"]
[EventDate "2013.03.28"]
[EventType "swiss"]
[EventRounds "9"]
[EventCountry "CZE"]
[SourceTitle "CBM 153 Extra"]
[Source "ChessBase"]
[SourceDate "2013.04.22"]
[SourceVersion "1"]
[SourceVersionDate "2013.04.22"]
[SourceQuality "1"]

1. e4 Nf6 2. e5 Nd5 3. c4 Nb6 4. c5 Nd5 5. Nc3 c6 6. Bc4 d6 7. Qf3 Nd7 8. e6 fxe6 9. d4 dxc5 10. Nge2 g6 11. Be3 Bg7 12. dxc5 Ne5 13. Qe4 Nxc4 14. Qxc4 Nxe3 15. fxe3 0-0 16. Nf4 b5 17. Qb3 Kh8 18. 0-0 Qd2 19. Ne4 Qd8 20. Rad1 Qc7 21. Ng5 Bd7 22. Qd3 Rf5 23. h4 Be8 24. Nfxe6 Qe5 25. Nxg7 Kxg7 26. b4 h6 27. Nf3 Qg3 28. Qc3+ Kh7 29. e4 Rf8 30. Ng5+ 1-0

[Event "Pobeskydy op"]
[Site "Frydek Mistek"]
[Date "2013.03.29"]
[Round "4"]
[White "Kretzschmar, Arnd"]
[Black "Karhanek, Pavel"]
[Result "1/2-1/2"]
[WhiteElo "1757"]
[BlackElo "2030"]
[PlyCount "55"]
[EventDate "2013.03.28"]
[EventType "swiss"]
[EventRounds "9"]
[EventCountry "CZE"]
[SourceTitle "CBM 153 Extra"]
[Source "ChessBase"]
[SourceDate "2013.04.22"]
[SourceVersion "1"]
[SourceVersionDate "2013.04.22"]
[SourceQuality "1"]

1. e4 Nf6 2. e5 Nd5 3. c4 Nb6 4. d4 d6 5. f4 dxe5 6. fxe5 Bf5 7. Nc3 Nc6 8. Be3 e6 9. Nf3 Bg4 10. c5 Nd5 11. Nxd5 Qxd5 12. Be2 Be7 13. Bf2 Rd8 14. h3 Bxf3 15. Bxf3 Qd7 16. Bxc6 Qxc6 17. Qf3 Rd5 18. 0-0 0-0 19. Qg4 f6 20. Bh4 Kh8 21. exf6 Bxf6 22. Bxf6 Rxf6 23. Rxf6 gxf6 24. Qf3 e5 25. dxe5 Rxe5 26. Qxc6 bxc6 27. b4 a5 28. a3 1/2-1/2

[Event "Pobeskydy op"]
[Site "Frydek Mistek"]
[Date "2013.03.28"]
[Round "1"]
[White "Karhanek, Pavel"]
[Black "Chromik, Tomas"]
[Result "1-0"]
[WhiteElo "2030"]
[BlackElo "1885"]
[PlyCount "115"]
[EventDate "2013.03.28"]
[EventType "swiss"]
[EventRounds "9"]
[EventCountry "CZE"]
[SourceTitle "CBM 153 Extra"]
[Source "ChessBase"]
[SourceDate "2013.04.22"]
[SourceVersion "1"]
[SourceVersionDate "2013.04.22"]
[SourceQuality "1"]

1. d4 d5 2. Bf4 Nf6 3. e3 Bf5 4. c4 c6 5. Nc3 e6 6. Qb3 Qb6 7. c5 Qxb3 8. axb3 Nbd7 9. h3 Be7 10. b4 0-0 11. b5 Nb8 12. Nf3 Nfd7 13. Kd2 h6 14. b4 Rc8 15. Ra4 b6 16. bxc6 Nxc6 17. Ba6 bxc5 18. Bxc8 Rxc8 19. b5 cxd4 20. exd4 Nb6 21. bxc6 Nxa4 22. Nxa4 Rxc6 23. Rc1 Bb4+ 24. Ke2 Ra6 25. Nc3 Ra3 26. Bd2 a5 27. g4 Bg6 28. Ne5 Kh7 29. Nxg6 Kxg6 30. h4 h5 31. f3 hxg4 32. fxg4 Rb3 33. Kd3 a4 34. Kc2 Ra3 35. h5+ Kh7 36. Rf1 Kg8 37. Rb1 Bxc3 38. Bxc3 Ra2+ 39. Rb2 Ra3 40. Rb8+ Kh7 41. g5 Ra2+ 42. Rb2 Ra1 43. Rb7 Rf1 44. Ra7 Rf2+ 45. Bd2 Rh2 46. Rxf7 Rxh5 47. Ra7 Rh4 48. Rxa4 e5 49. Be3 e4 50. Ra5 Rh3 51. Kd2 Rh2+ 52. Ke1 Rh3 53. Ke2 Rh2+ 54. Bf2 Kg6 55. Rxd5 Rg2 56. Re5 Rxg5 57. Rxg5+ Kxg5 58. Ke3 1-0